00489 a2200181 450000100060000002000150000604000220002110000310004324000370007424500320011130000070014336200090015044000120015965000230017194200070019495200890020199900170029056534 a8516000567 cAnchieta - Pituba aNicolelis, Giselda Laporta10aSempre haverá um amanhãlpor10aSempre haverá um amanhã a710 a1992 1aModerna 4aLiteratura juvenil cBK 00104070a91.1b91.1d2023-11-21l0p6050/PITr2023-11-21 18:24:01w2023-11-21yBK c56534d56534